Quiz da Guiana - Statistics

Estatísticas Gerais
  • Esse quiz foi jogado 598 vezes
  • A pontuação média é 9 de 16
Estatísticas das Respostas
Dica Resposta % Correto
Países fazendo fronteira com a Guiana Brasil
98%
Países fazendo fronteira com a Guiana Suriname
96%
Países fazendo fronteira com a Guiana Venezuela
96%
Língua oficial Inglês
93%
Capital Georgetown
85%
Primeiro país a colonizar a Guiana Países Baixos
84%
Língua mais falada {Crioulo} da Guiana
63%
Moeda oficial Dólar guianense
61%
Monte localizado na tríplice fronteira da Guiana com o País #1 e País #3 do acima Monte {Roraima}
51%
Esporte mais popular Críquete
50%
44% dos guianenses são descen- dentes de trabalhadores deste país Índia
41%
Significado da palavra "Guiana" Terra de muitas {águas}
36%
A Guiana e seus vizinhos estão situados nesta parte da crosta terrestre {Escudo} das Guianas
26%
Exportação mais importante Ouro
25%
Rio mais longo da Guiana, cuja nascente mais distante foi descoberta apenas em 2018 Rio Essequibo
19%
A maior queda d'água em volume do mundo Cataratas de {Kaieteur}
11%
Nenhum quiz correspondente encontrado
Distribuição das Pontuações
Porcentagem de Pessoas com Cada Pontuação
Percentil de Números Respondidos
Sua Pontuação Histórica
Você não jogou esse quiz